Statistics for 必须括注中文名的俄罗斯地名Russian Places that Must Mark Out Chinese Names

Click here to take the quiz!

General Stats

  • This quiz has been taken 354 times
  • The average score is 5 of 8

Answer Stats

俄称中文名括注% Correct
符拉迪沃斯托克海参崴
100%
萨哈林岛库页岛
76%
布拉戈维申斯克海兰泡
70%
斯塔诺夫山脉外兴安岭
64%
哈巴罗夫斯克伯力
63%
尼古拉耶夫斯克庙街
51%
乌苏里斯克双城子
48%
涅尔琴斯克尼布楚
39%

Score Distribution

Percentile by Number Answered

Percent of People with Each Score

Your Score History

You have not taken this quiz